[Event "European Blitz-ch 2018"]
[Site "Skopje"]
[Date "2018.12.06"]
[Round "4"]
[White "Saric, Ante"]
[Black "Kourkoulos-Arditis, Stamatis"]
[Result "1-0"]
[WhiteElo "2533"]
[BlackElo "2424"]
[Annotator "TA"]
[PlyCount "117"]
[EventDate "2018.12.06"]
[EventType "swiss"]
[EventCountry "MKD"]
[SourceTitle "playchess.com"]
[Source "ChessBase"]
[SourceQuality "1"]

{[%evp 22,117,21,24,24,14,33,28,28,28,22,28,28,22,31,15,58,55,52,50,73,48,303,308,303,302,298,297,298,295,292,293,275,272,313,0,289,260,259,142,148,142,141,130,136,129,129,94,100,0,195,68,68,76,113,42,34,51,376,380,380,380,373,373,381,378,370,366,314,326,318,283,710,769,627,689,763,731,698,615,6227,6070,29959,1069,1061,1056,972,918,936,868,1738,1693,5189,5189,5081,4578,3736,1408]} 1. Nf3 Nf6 2. c4 g6 3. Nc3 Bg7 4. e4 O-O 5. d4 d6 6. Be2 e5 7. O-O Na6 8. Re1 Qe8 9. Bg5 exd4 {E94: King's Indian: Classical: 6 Be2 e5 7 0-0: Various Black 7th moves} 10. Qxd4 Ng4 $146 (10... Nd7 11. Qd2 Ne5 12. Nd4 Be6 13. Nd5 Bxd5 14. cxd5 Qa4 15. Be3 Nc4 16. Bxc4 Qxc4 17. Rac1 Qxa2 {1-0 (38) Wojtaszek,R (2749)-Pavlidis,A (2532) Tallinn 2016}) 11. Qd2 Nc5 12. Bf1 {LiveBook: 7 Games} f6 13. Bh4 Qf7 14. Nd4 Ne5 15. b3 f5 16. exf5 Bxf5 17. Nxf5 Qxf5 18. Nd5 {Strongly threatening Ne7+.} Qf7 19. Rad1 Kh8 20. f4 Nc6 21. Bf2 {aiming for b4.} Ne6 $2 {[%mdl 8192] [#]} (21... Rae8 $14) 22. Rxe6 $1 $18 {[%mdl 576] Remove Defender, Deflection, Decoy} Qxe6 23. Nxc7 {[%mdl 64] Double Attack} Qf5 24. Nxa8 Rxa8 25. g3 (25. Qxd6 $6 Rd8 $18) 25... Rd8 26. Bg2 Qf7 27. Re1 Bf6 28. Rd1 $2 (28. Bd5 $18 Qd7 29. Re6) 28... Qg7 $2 {[%mdl 8192]} (28... Bg7 $11 29. a3 Bf6) 29. Bxc6 bxc6 30. Bd4 (30. Qa5 $18) 30... Kg8 $16 31. Bxf6 Qxf6 {[%mdl 4096] Endgame KQR-KQR} 32. Qd4 Qe7 33. Qf2 Re8 34. Kf1 Qe4 {[#] And now ...Qh1+ would win.} 35. Kg1 (35. Qg2 $1 $16 {[%cal Rg2e4] Hoping for Qxe4.} Qe6 36. Qf3) 35... a5 $2 (35... Qe7 $11 {and Black stays safe.}) 36. Qd4 ({White should try} 36. Rxd6 $18 a4 37. Qd2 (37. bxa4 Qxc4 38. f5 gxf5 $16)) 36... Qe2 $14 37. Qd2 $36 {[%mdl 2048] Keeping Black busy.} Qe4 38. Qg2 ({Don't play} 38. Qxd6 $6 Qe3+ 39. Kg2 Qe4+ 40. Kg1 (40. Kh3 Qf5+ 41. Kg2 Qe4+ 42. Kg1 Qe3+ 43. Kg2 Qe2+ {[%mdl 64] Double Attack} 44. Kh1 Qf3+ 45. Kg1 Qe3+ $11) 40... Qe3+ 41. Kh1 Qf3+ 42. Kg1 Qe3+ $11) ({Better is} 38. Kf2 $16) 38... Qe3+ 39. Kh1 Qe2 $2 {[%mdl 8192]} (39... Qc3 $14) 40. Qxe2 $18 Rxe2 41. Rxd6 Rxa2 42. Rxc6 {KR-KR} Rb2 43. Rc5 Ra2 44. Rc7 Rb2 45. Ra7 Rxb3 46. Rxa5 Rb2 $2 (46... Rc3 47. Rc5 Rc2) 47. Ra7 Rc2 48. Rc7 h6 49. c5 {[%cal Bc4c5,Bc5c6][%mdl 32]} Kf8 50. c6 g5 51. f5 g4 52. Rc8+ (52. f6 $142 Rc1+ 53. Kg2 Rc2+ 54. Kf1 Rxh2 55. Rd7 Rc2 56. c7 Ke8 57. Rd8+ Kf7 58. c8=Q Rxc8 59. Rxc8 Kxf6 60. Rc6+ Kg7 61. Ke2) 52... Ke7 {White is clearly winning.} 53. c7 Kd7 54. Rh8 Kxc7 55. Rxh6 Rf2 56. Rg6 Rxf5 57. Rxg4 Rf2 58. Rf4 Ra2 59. Kg1 {Accuracy: White = 59%, Black = 37%.} (59. h4 $142 Kd6 60. Kg1) 1-0

[Event "European Blitz-ch 2018"]
[Site "Skopje"]
[Date "2018.12.06"]
[Round "4"]
[White "Popov, Valerij"]
[Black "Arutyunova, Diana"]
[Result "0-1"]
[WhiteElo "2532"]
[BlackElo "2227"]
[PlyCount "62"]
[EventDate "2018.12.06"]
[EventType "swiss"]
[EventCountry "MKD"]
[TimeControl "180+2"]

1. Nf3 {[%emt 0:00:00]} e6 {[%emt 0:00:02]} 2. c4 {[%emt 0:00:05]} f5 {[%emt 0:00:01]} 3. g3 {[%emt 0:00:02]} Nf6 {[%emt 0:00:01]} 4. Bg2 d6 5. d4 {[%emt 0:00:03]} Be7 {[%emt 0:03:06]} 6. O-O {[%emt 0:00:05]} O-O {[%emt 0:00:00]} 7. Nc3 {[%emt 0:00:00]} Ne4 {[%emt 0:00:00]} 8. Nxe4 {[%emt 0:03:01]} fxe4 {[%emt 0:00:00]} 9. Nd2 {[%emt 0:00:00]} d5 {[%emt 0:00:00]} 10. Qb3 {[%emt 0:00:00]} Nc6 {[%emt 0:00:00]} 11. e3 {[%emt 0:00:00]} Kh8 {[%emt 0:00:00]} 12. f3 {[%emt 0:00:00]} exf3 {[%emt 0:00:00]} 13. Bxf3 {[%emt 0:00:00]} Bg5 {[%emt 0:00:00]} 14. Bg2 {[%emt 0:00:00]} Rxf1+ {[%emt 0:00:00]} 15. Bxf1 {[%emt 0:00:00]} Qf6 {[%emt 0:00:01]} 16. cxd5 {[%emt 0:00:00]} exd5 {[%emt 0:00:06]} 17. Bg2 {[%emt 0:00:00]} Bg4 {[%emt 0:00:06]} 18. h4 {[%emt 0:00:05]} Bh6 {[%emt 0:00:05]} 19. Nf1 {[%emt 0:00:08]} Rf8 {[%emt 0:00:01]} 20. Qc2 {[%emt 0:00:01]} Nb4 {[%emt 0:00:02]} 21. Qd2 {[%emt 0:00:02]} a5 {[%emt 0:00:03]} 22. a3 {[%emt 0:00:12]} Nc6 {[%emt 0:00:00]} 23. Bxd5 {[%emt 0:00:00]} Ne7 {[%emt 0:00:01]} 24. Bg2 {[%emt 0:00:00]} Nf5 {[%emt 0:00:01]} 25. Qd3 {[%emt 0:00:03]} Nxh4 {[%emt 0:00:03]} 26. gxh4 {[%emt 0:00:01]} Qf2+ {[%emt 0:00:01]} 27. Kh1 {[%emt 0:00:01]} Qxh4+ {[%emt 0:00:00]} 28. Nh2 {[%emt 0:00:01]} Qe1+ {[%emt 0:00:04]} 29. Bf1 {[%emt 0:00:05]} Bf5 {[%emt 0:00:03]} 30. Qd2 {[%emt 0:00:02]} Be4+ {[%emt 0:00:01]} 31. Kg1 {[%emt 0:00:05]} Qg3+ {[%emt 0:00:02]} 0-1

[Event "European Blitz-ch 2018"]
[Site "Skopje"]
[Date "2018.12.06"]
[Round "4"]
[White "Ruck, Robert"]
[Black "Bartel, Michal"]
[Result "1-0"]
[WhiteElo "2512"]
[BlackElo "2306"]
[Annotator "TA"]
[PlyCount "129"]
[EventDate "2018.12.06"]
[EventType "swiss"]
[EventCountry "MKD"]
[SourceTitle "playchess.com"]
[Source "ChessBase"]
[SourceQuality "1"]

{[%evp 9,129,18,22,34,35,35,35,29,35,41,41,41,62,39,91,81,137,0,0,0,1,0,0,0,25,0,0,0,43,-16,34,34,83,3,36,0,5,5,5,6,19,6,6,0,53,49,125,78,150,72,125,125,29998,151,590,159,166,162,157,113,265,116,116,100,100,66,95,16,16,0,262,0,395,331,595,583,552,426,572,564,751,743,658,481,500,235,225,229,341,107,108,119,525,0,0,0,0,0,0,-70,-190,-233,65,65,65,66,300,307,171,158,294,260,260,260,281,267,327,260,248,245,229,218]} 1. Nf3 d5 2. g3 Nf6 3. Bg2 Nbd7 4. c4 c6 5. O-O (5. cxd5 cxd5 6. d4 e6 7. Bf4 Qb6 8. Qc2 Bd6 9. O-O O-O 10. Nc3 Bxf4 11. gxf4 Nb8 12. Rac1 Bd7 13. e3 Bc6 {½-½ (24) Bruzon Batista,L (2677)-Andreikin,D (2718) Havana 2015}) 5... e5 {LiveBook: 9 Games} 6. d4 {A11: English Opening: 1...c6} e4 7. Ne5 Bd6 8. Bf4 {White is slightly better.} Qe7 $146 {[%cal Rd7e5]} ({Predecessor:} 8... Bxe5 9. dxe5 g5 10. Bxg5 Nxe5 11. cxd5 cxd5 12. Bxe4 {1-0 (45) Gheoalda,D (1792)-Titiriga,A Bucharest 2011}) 9. Nxd7 Bxd7 10. Bg5 O-O 11. Nc3 Be6 (11... Bb4 $14) 12. cxd5 $16 cxd5 (12... Bxd5 $142 13. Nxd5 cxd5) 13. Qb3 (13. f3 $16) 13... h6 $1 $11 {[%cal Rh6g5]} 14. Bxf6 Qxf6 15. e3 b6 16. Rfc1 Rfc8 17. Nb5 Qe7 18. Bf1 Qd7 19. Nc3 (19. Nxd6 $14 Qxd6 20. Ba6) 19... h5 20. Ba6 (20. Nxd5 Bf8 $17) 20... Rd8 21. Nb5 ({White should try} 21. Bb5 $16 Qb7 22. Qa4) 21... Bb8 22. Rc3 h4 23. Rac1 Qe7 24. Nc7 Bxc7 25. Rxc7 Qg5 26. Qb4 g6 ({Better is} 26... Rd7 $11) 27. Qe7 $14 Qg4 (27... Qxe7 $14 28. Rxe7 hxg3) 28. Qf6 (28. Rxa7 $6 Kg7 $14) 28... h3 (28... hxg3 $142 29. hxg3 Rf8) 29. Qf4 (29. b4 $142) 29... Qh5 ({Black should play} 29... Qxf4 30. gxf4 Kf8) 30. Kf1 $16 Bg4 $2 {[%mdl 8192]} (30... Qf5 $16) 31. Ke1 $2 (31. Qxf7+ {mates} Kh8 32. Qg7#) 31... Rd7 $2 {[#]} (31... Qf5 $16 32. Qxf5 Bxf5) 32. Qf6 $2 (32. Be2 $1 $18 {[%mdl 512]} Bxe2 33. Rxd7) 32... Rxc7 33. Rxc7 Be6 34. Be2 $40 {[%mdl 128] White goes for the king.} Qh8 $2 (34... Qh6 $16) 35. Qxh8+ (35. Qe7 $18 {and the rest is easy. Bg4! is the strong threat.} Qg7 36. Rxa7) 35... Kxh8 $18 {[%mdl 4096] Endgame KRB-KRB} 36. Kd2 Kg7 37. Kc3 Kf8 38. Kb4 (38. Ba6 $16) 38... Ke8 $11 39. Kb5 {Strongly threatening Kc6.} Kd8 $2 {[%mdl 8192]} (39... Bd7+ $11 {and Black stays safe.} 40. Ka6 Bc8+ 41. Kb5 Bd7+ 42. Ka6 Bc8+ 43. Kb5 Bd7+) 40. Rc3 $2 ({White has to play} 40. Kc6 $1 $18) 40... Kd7 $2 {[%mdl 8192]} (40... Bd7+ $11 {and Black has nothing to worry.} 41. Ka6 Bc8+ 42. Kb5 Bd7+ 43. Ka6 Bc8+ 44. Kb5 Bd7+) 41. Ka6 $1 $18 f5 $2 (41... Kd6 42. Kb7 Rh8 43. Rc6+ Ke7) 42. Kb7 Rf8 43. Kxa7 g5 44. Bb5+ Kd6 45. Rc6+ Ke7 46. Kxb6 Bd7 47. Rc5 (47. Rc7 $142 Rb8+ 48. Ka6 Ra8+ 49. Kb7 Rxa2 50. Bxd7 Rxb2+ 51. Kc8) 47... Rb8+ 48. Ka5 Ra8+ (48... Bxb5 $142 49. Rxb5 Rc8) 49. Kb4 $2 (49. Ba6 $1 $18) 49... Rxa2 $16 50. Kb3 ({Don't blunder} 50. Rxd5 $2 Rxb2+ 51. Kc3 Rxb5 $19) 50... Ra1 $2 {[%mdl 8192]} (50... Ra7 $16 {is a better chance.}) 51. Bxd7 $2 (51. Rc7 $18) 51... Kxd7 $11 52. Rxd5+ $18 {KR-KR} Ke6 53. Re5+ Kf6 54. g4 (54. Re8 $11) 54... fxg4 $15 55. Rxe4 {[#] Hoping for d5.} Rh1 $2 (55... Rf1 $1 $19 56. d5 Rxf2) 56. Rxg4 $14 {Threatens to win with f4.} Rxh2 57. Rg3 Kf5 $2 {[#]} (57... g4 $14 58. Rxg4 Rxf2) 58. f3 $1 $18 Rh1 (58... Kg6 $142 59. f4 Kh5 60. Rxg5+ Kh4) 59. d5 {[%cal Bd4d5,Bd5d6][%mdl 32]} h2 (59... Rh2 $16 {is a better defense.} 60. Ka4 g4) 60. Rh3 Ke5 61. e4 Kd6 62. Rh6+ Ke5 63. d6 {Black must now prevent Kc2.} Rf1 64. Rxh2 Rxf3+ 65. Kc4 {Accuracy: White = 39%, Black = 27%.} 1-0

[Event "European Blitz-ch 2018"]
[Site "Skopje"]
[Date "2018.12.06"]
[Round "4"]
[White "Van Foreest, Lucas"]
[Black "Andonovski, Ljubisa"]
[Result "1-0"]
[WhiteElo "2500"]
[BlackElo "2287"]
[Annotator "TA"]
[PlyCount "87"]
[EventDate "2018.12.06"]
[EventType "swiss"]
[EventCountry "MKD"]

{[%evp 17,87,8,16,16,18,9,9,9,18,3,13,5,26,27,25,2,11,0,8,8,39,47,65,44,62,57,38,47,74,18,16,14,33,29,30,30,30,23,14,17,14,0,0,0,21,0,0,0,0,0,20,28,57,56,56,57,110,0,50,26,20,12,131,7,8,-109,0,-218,-154,-167,29969,29970]} 1. e4 c6 2. d4 d5 3. exd5 cxd5 4. Bd3 Nc6 5. c3 Qc7 6. Ne2 Bg4 7. Qb3 {B13: Caro-Kann: Exchange Variation and Panov-Botvinnik Attack} (7. O-O e6 8. Qe1 Bxe2 9. Qxe2 Nf6 10. Nd2 Bd6 11. g3 O-O 12. f4 a6 13. Nf3 b5 14. a3 Ne7 {½-½ (52) Le,Q (2715)-Nisipeanu,L (2661) Batumi 2018}) 7... Bxe2 8. Bxe2 e6 9. Nd2 Bd6 {LiveBook: 3 Games} 10. Nf3 Nf6 11. O-O O-O 12. Bd3 Rab8 $146 ({Predecessor:} 12... Ne4 13. Bxe4 dxe4 14. Ng5 Bxh2+ {½-½ (47) Martinez,R (2418)-Epishin,V (2592) Bergamo 2009}) 13. a4 a6 14. Re1 Bf4 15. Bxf4 Qxf4 16. a5 Qc7 17. Qa3 Rfe8 18. g3 e5 (18... g6 {feels hotter.} 19. Qa4 Nd7 20. Kg2 Rbc8 21. Bc2 Kg7) 19. Nxe5 Nxe5 20. dxe5 Rxe5 21. Rxe5 Qxe5 22. Qc5 Nd7 23. Qd4 (23. Qa7 $1 $16) 23... Qxd4 $11 24. cxd4 {[%mdl 4096] Endgame KRB-KRN} Rc8 25. Bf5 Rc7 26. Bxd7 Rxd7 {KR-KR} 27. Rc1 {Threatening mate with Rc8+.} (27. Ra3 {is interesting.} Kf8 28. Rb3 Ke7 29. Kg2 Kd6 30. h4) 27... Kf8 28. Rc8+ Ke7 29. Rh8 h6 30. Rg8 Kf6 31. Rc8 Re7 32. Kf1 Re4 33. Rc7 Rxd4 {...Rb4 is the strong threat.} 34. Rxb7 Ra4 35. Rb6+ {[%mdl 64] Double Attack} Ke5 36. Rxa6 Ke4 (36... Ra1+ $14 37. Kg2 Ke4) 37. b3 ({White should play} 37. Ra7 $16) 37... Ra2 38. Ra7 d4 39. b4 d3 {[#]} (39... Ra1+ $1 $11 40. Ke2 (40. Kg2 d3 $14) 40... Ra2+ 41. Ke1 Kd3) 40. Rd7 (40. Ke1 $1 $16) 40... Ra4 41. a6 {[#]} (41. Ke1 $11 {remains equal.}) 41... Rxa6 (41... Ra1+ $1 $17 42. Kg2 Rxa6) 42. Kg2 $2 (42. Re7+ $11 {and White is okay.} Kd4 43. Ke1) 42... Ra4 43. Rxf7 Rxb4 $4 {[%mdl 8192]} (43... Ra1 $19 44. Rd7 Rb1) 44. Rf4+ {Accuracy: White = 36%, Black = 30%.} 1-0

[Event "European Blitz-ch 2018"]
[Site "Skopje"]
[Date "2018.12.06"]
[Round "4"]
[White "Blagojevic, Dragisa"]
[Black "Blohberger, Felix"]
[Result "0-1"]
[WhiteElo "2497"]
[BlackElo "2447"]
[Annotator "TA"]
[PlyCount "66"]
[EventDate "2018.12.06"]
[EventType "swiss"]
[EventCountry "MKD"]

{[%evp 23,66,17,15,9,15,0,25,0,0,0,0,16,41,39,58,61,60,0,72,18,36,-33,-41,-48,-4,-47,-40,-110,-117,-277,-277,-402,-392,-409,-409,-386,-371,-410,-406,-384,-377,-1751,-1744,-1545,-1534]} 1. d4 Nf6 2. c4 e6 3. Nf3 Bb4+ 4. Bd2 a5 5. g3 b6 6. Bg2 Bb7 7. O-O Bxd2 8. Qxd2 O-O {E16: Queen's Indian: 4 g3 Bb7 5 Bg2 Bb4+} 9. Nc3 d6 10. d5 e5 (10... Na6 11. Nd4 e5 12. Nc2 Nc5 13. b3 Ba6 14. Rab1 Rb8 15. a3 b5 16. b4 axb4 17. axb4 {½-½ (44) Rodshtein,M (2701)-Zhigalko,S (2639) Poikovsky 2017}) 11. e4 Nbd7 12. Nh4 Nc5 {LiveBook: 3 Games} 13. Nf5 Bc8 14. Ne3 $146 (14. Qg5 {is more complex.} Bxf5 15. Qxf5 g6 16. Qg5 Nfd7 17. Qh6) ({Predecessor:} 14. Qg5 Bxf5 15. exf5 h6 16. Qh4 Nh7 17. Qh3 Re8 {0-1 (32) Schroeder,C (2029)-Walter,H (2162) Bad Blankenburg 2006}) 14... Ng4 15. Nxg4 Bxg4 16. f4 exf4 17. gxf4 f6 18. Rae1 Qd7 19. Re3 Rae8 20. Rfe1 (20. Nb5 $14) 20... Kh8 (20... f5 $11) 21. Qd4 ({White should play} 21. Nb5 $16) 21... Bh5 22. Ne2 (22. Nb5 $14) 22... Bxe2 $15 23. R1xe2 Re7 24. b3 Qg4 25. Rf2 {[#]} (25. f5 $1 $15) 25... Rfe8 $1 $17 26. a3 $2 (26. Kh1 $17) 26... Rxe4 $1 $19 27. Rxe4 (27. h3 $142 Qg3 28. Rxg3 Rxd4 29. b4 axb4 30. axb4) 27... Rxe4 ({Weaker is} 27... Nxe4 28. h3 $17) 28. Qc3 Rxf4 29. Rxf4 Qxf4 30. b4 axb4 31. axb4 Ne4 32. Qd4 $2 {[#]} (32. Bxe4 Qxe4 33. Kf2) 32... Qc1+ 33. Bf1 Nd2 {Accuracy: White = 16%, Black = 55%.} 0-1

[Event "European Blitz-ch 2018"]
[Site "Skopje"]
[Date "2018.12.06"]
[Round "4"]
[White "Ivic, Velimir"]
[Black "Banikas, Hristos"]
[Result "1-0"]
[WhiteElo "2497"]
[BlackElo "2601"]
[Annotator "TA"]
[PlyCount "56"]
[EventDate "2018.12.06"]
[EventType "swiss"]
[EventCountry "MKD"]

{[%evp 20,56,87,64,235,55,49,22,25,17,29,11,62,59,95,49,50,46,105,92,75,55,108,90,280,283,277,277,472,479,440,355,1602,456,446,437,444,435,419]} 1. e4 c5 2. Nf3 d6 3. d4 cxd4 4. Nxd4 Nf6 5. Nc3 a6 6. Bg5 e6 7. f4 h6 8. Bh4 Qb6 9. a3 Nbd7 {B96: Sicilian Najdorf: 6 Bg5 e6 7 f4, lines other than 7...Qb6 and 7...Be7} 10. Bc4 g5 {[#]} 11. Bf2 $1 {LiveBook: 3 Games. aiming for Nxe6.} Qa5 $146 {[#]} (11... Qc7 $14 12. Bxe6 fxe6) ({Predecessor:} 11... Qc7 12. Qe2 Nb6 13. Bb3 gxf4 14. O-O-O Be7 15. Rhe1 Rg8 16. g3 fxg3 17. Bxg3 {½-½ (45) Caruana,F (2711)-Vachier Lagrave,M (2722) Biel 2011}) 12. fxg5 $2 (12. Bxe6 $1 $18 {Threatens to win with Bb3.} fxe6 13. Nxe6 gxf4 14. Bd4) 12... hxg5 $14 13. Qe2 (13. Bxe6 $5 fxe6 14. Nxe6 Nxe4 15. Qd4 $16) 13... Ne5 14. Bb3 Bd7 15. O-O-O Rc8 (15... g4 $11) 16. Be1 Qc7 17. Rf1 Be7 18. Kb1 b5 (18... Qb6 $14) 19. Nf3 $16 Nfg4 20. Bg3 Qb6 ({Better is} 20... Qc5 $14) 21. h3 $36 {[%mdl 2048] White is really pushing.} Nxf3 $2 (21... Rxc3 $16 22. hxg4 (22. bxc3 Qe3 $16) 22... Re3) 22. Qxf3 $18 ({Less strong is} 22. Rxf3 Ne5 $14) 22... Nh6 23. Bf2 Qc7 $2 (23... Qc6 24. Bd4 Rh7) 24. Bd4 Rh7 25. Qh5 Kf8 $2 (25... Qb7 26. Bg7 Rxg7) 26. Bf6 (26. Qg6 $142) 26... Bxf6 27. Rxf6 Ng8 28. Qxh7 {[%csl Gf6][%cal Rh7f7]} Nxf6 {Precision: White = 63%, Black = 21%.} 1-0

[Event "European Blitz-ch 2018"]
[Site "Skopje"]
[Date "2018.12.06"]
[Round "4"]
[White "Pancevski, Filip"]
[Black "Danov, Radi"]
[Result "0-1"]
[WhiteElo "2495"]
[BlackElo "2324"]
[Annotator "TA"]
[PlyCount "81"]
[EventDate "2018.12.06"]
[EventType "swiss"]
[EventCountry "MKD"]
[SourceTitle "playchess.com"]
[Source "ChessBase"]
[SourceQuality "1"]

{[%evp 14,81,23,18,38,46,66,66,76,58,63,56,58,55,62,51,48,37,55,0,33,28,22,-44,-35,-25,-20,-40,-52,-53,-39,-88,-58,-65,-68,-66,-21,-86,-85,-93,-93,-95,-50,-120,-106,-100,-108,-183,-100,-139,-157,-162,-178,-176,-150,-267,-286,-709,-713,-1116,-1122,-1469,-725,-649,-680,-1042,-1055,-29996,-29993,-29994]} 1. c4 Nf6 2. g3 c5 3. Bg2 Nc6 4. Nc3 g6 5. a3 Bg7 6. Rb1 O-O 7. b4 d6 8. d3 {LiveBook: 39 Games} a5 {[%cal Rc5b4] A36: Symmetrical English vs ...g6: 4 Bg2 Bg7} (8... Qd7 9. Bd2 Nd4 10. e3 Ne6 11. Nge2 Rb8 12. O-O b6 13. e4 Bb7 14. h3 Ne8 15. Be3 Nd4 16. Bxd4 cxd4 {0-1 (40) Moreno Ruiz,J (2513)-Marzolo,C (2441) San Sebastian 2012}) 9. bxc5 dxc5 $146 ({Predecessor:} 9... Nd7 10. Na4 Nxc5 11. Nb6 Ra6 12. Nxc8 Qxc8 13. Nf3 a4 14. O-O Qc7 15. Bb2 Bxb2 16. Rxb2 {½-½ (25) Cerioni,A (1988)-D'Urbino,I (1742) Milan 2010}) 10. Nf3 Nd7 {White is slightly better.} 11. Na4 b6 12. Be3 Rb8 13. Bf4 e5 14. Bg5 Qc7 15. O-O Bb7 16. Be3 ({White should play} 16. Nc3 $14) 16... h6 17. Nc3 Nd4 18. Bxd4 (18. Bc1 $11) 18... cxd4 $15 19. Nb5 Qd8 20. Nd2 Bxg2 21. Kxg2 Nc5 22. Qc2 f5 23. Nb3 Ne6 24. a4 Rc8 25. Nd2 (25. c5 $11 {keeps the balance.}) 25... Kh7 26. Rb2 Qd7 27. Kg1 g5 {[%cal Bg6g5,Bg5g4][%mdl 32]} 28. Rfb1 (28. Na3 $1 $15) 28... Rf7 $17 29. Na3 Bf8 30. Nb5 (30. c5 $17 {might work better.} Nxc5 31. Rb5) 30... Bc5 (30... g4 $19 31. Qd1 Bb4) 31. Qd1 g4 32. Qf1 Ng5 33. Qg2 {[#]} Rcf8 $1 34. Nb3 (34. Qd5 $17) 34... Bb4 $19 35. Rc2 $2 (35. Qd5 f4 36. Qxd7 Rxd7 37. Rf1) 35... f4 36. c5 fxg3 {[%cal Rf7f2]} 37. c6 gxh2+ (37... Nh3+ $142 38. Kh1 Nxf2+ 39. Kg1 gxh2+ 40. Qxh2 Qd5) 38. Kh1 Qc8 39. c7 Rxf2 40. Qd5 Qf5 41. Nd2 {Accuracy: White = 26%, Black = 58%.} 0-1

[Event "European Blitz-ch 2018"]
[Site "Skopje"]
[Date "2018.12.06"]
[Round "4"]
[White "Milanovic, Danilo"]
[Black "Kashtanov, Ruslan"]
[Result "1/2-1/2"]
[WhiteElo "2494"]
[BlackElo "2376"]
[Annotator "TA"]
[PlyCount "161"]
[EventDate "2018.12.06"]
[EventType "swiss"]
[EventCountry "MKD"]
[SourceTitle "playchess.com"]
[Source "ChessBase"]
[SourceQuality "1"]

{[%evp 9,161,52,56,44,69,72,86,96,114,107,107,80,93,73,92,69,86,83,79,82,83,52,112,66,107,45,117,95,103,101,99,91,99,78,89,79,106,94,141,138,133,139,169,98,95,85,94,25,103,-45,-46,-160,-130,-204,-202,-187,-194,-483,-469,-574,-570,-491,-533,-468,-419,-415,-390,-499,-491,-543,-543,-458,-180,-197,-51,-47,64,68,275,267,321,110,116,-66,43,40,39,-173,-13,-26,0,-79,27,23,26,-32,-32,-32,-20,-108,-8,-8,-8,-8,11,8,14,18,32,32,32,25,29,0,0,0,25,0,0,0,32,30,32,8,32,16,32,17,32,32,32,32,32,10,11,10,12,8,11,11,13,13,16,14,21,13,17,8,18,8,8,-8,-8,-8]} 1. d4 Nf6 2. Bf4 c5 3. e3 Qb6 4. Nc3 d5 (4... a6 5. Bc4 cxd4 6. exd4 e6 7. Nge2 d5 8. Bb3 Bd7 9. O-O Be7 10. Qe1 O-O 11. Rd1 Nc6 {1-0 (23) Aronian,L (2767)-Giri,A (2782) chess.com INT 2018}) 5. Nb5 Na6 $1 {LiveBook: 3 Games} 6. c3 {A45: Trompowsky Attack} Bd7 7. a4 c4 8. b3 {White is better.} cxb3 $146 ({Predecessor:} 8... Bxb5 9. axb5 Qxb5 10. bxc4 dxc4 11. Nf3 {1-0 (27) Jossien,A (2325)-Orosi,P (2076) Tatranska Lomnica 2017}) 9. Qxb3 Nh5 10. Bg5 e6 11. Be2 Nf6 12. Bf4 Bc6 13. Nf3 Be7 14. O-O O-O 15. h3 Ne4 ({Black should play} 15... Rfc8 $14) 16. Rfc1 Qd8 17. Ne5 (17. Bd3 $16) 17... Be8 (17... Bh4 $14) 18. c4 Nd2 19. Qb2 Nxc4 20. Nxc4 dxc4 21. Rxc4 Bc6 22. Rac1 Qd7 23. Nc3 Rac8 24. e4 {And now d5! would win.} Bf6 25. Qd2 Rfd8 {[%cal Rf6d4] [#]} 26. Be3 (26. d5 $1 $18 {[%mdl 512] Hoping for Qe3.} exd5 27. exd5 (27. Nxd5 Bxd5 28. Rxc8 Rxc8 $16)) 26... Nc7 $16 27. Bf3 Qe8 28. Rd1 (28. d5 $16) 28... a6 (28... Na8 $11) 29. Qc2 (29. d5 $16) 29... b5 $15 30. axb5 (30. Nxb5 $1 $15 Nxb5 31. axb5 axb5 32. Rb4) 30... axb5 $17 31. Rc5 (31. Rxc6 $17 Qxc6 32. Qb2) 31... Na6 $1 $19 32. Rh5 g6 33. Rh6 $2 (33. Rg5) 33... b4 34. Ne2 Ba4 {[%mdl 64] Pin, Skewer} 35. Qd2 Bxd1 36. Qxd1 Bg7 37. Rh4 Rb8 38. Nc1 Qe7 39. Rg4 h5 40. Rg3 {[#]} Rdc8 $2 (40... Nc5 $1 {[%mdl 512]} 41. Bg5 (41. dxc5 Rxd1+) 41... Bf6 42. Bxf6 Qxf6) 41. Bxh5 b3 ({Stronger than} 41... gxh5 42. Bh6 $16) (41... Rc3 $19 {Threatens to win with ...b3.} 42. Be2 b3 43. Nxb3 Rcxb3) 42. Nxb3 $15 Qa3 ({Wrong is} 42... gxh5 $2 43. Bh6 $18) ({Black should try} 42... Rc3 $15 43. Nd2 Rxe3 44. fxe3 Qh4 {[%mdl 64] Double Attack}) 43. Bf4 $1 $14 Qa2 $2 ({Better is} 43... Nc7 $14) 44. Bxb8 Rxb8 {[#]} 45. Be2 $2 (45. Bxg6 $1 $18 fxg6 46. Qg4 {[%mdl 64] Double Attack}) 45... Nb4 $16 {[%cal Ba6b4,Bb4d5,Bd5f4][%mdl 32]} 46. Nc5 $2 (46. d5 $16 exd5 47. exd5) 46... Rd8 (46... Nc2 $1 $15 47. Qd2 Qa1+ 48. Bd1 Nxd4) 47. d5 $14 exd5 48. Bf3 $2 (48. exd5 $14 {stays ahead.} Rxd5 {[%mdl 64] Double Attack} 49. Nd3) 48... Bf6 $2 (48... Rc8 $19 49. Nd7 Rc7) 49. exd5 Nxd5 50. Ne4 {[#]} (50. Qe2 $11 {keeps the balance.} Qxe2 51. Bxe2) 50... Be7 (50... Bh4 $1 $17 51. Qd4 (51. Rg4 $2 Ne3 $17 {[%mdl 64] Discovered Attack (Double check)}) 51... Qb1+ 52. Kh2 Qb4) 51. Qe1 Nf4 52. Qe3 (52. Qc1 $11 Nd3 53. Qc7) 52... Qa1+ $15 53. Kh2 Qe5 54. Nc3 (54. Ng5 $11 Bd6 55. Rg4) 54... Qxe3 (54... Bd6 $17 {White should prevent ...Qxe3.} 55. Ne4 Bc7) 55. fxe3 $11 Nd3 {Strongly threatening ...Bd6.} 56. Rg4 Ne5 {...Rd3 is the strong threat.} 57. Rd4 Rc8 58. Nd5 Bg5 59. Kg3 Kg7 60. h4 Bd8 61. Kf2 Rc2+ 62. Kg3 Rc8 63. Kf4 Nc6 64. Rc4 Na7 65. Rxc8 Nxc8 $14 {[%mdl 4096] Endgame KBN-KBN} 66. g3 Nd6 67. Bg4 Nc4 68. Bd7 Nd6 69. e4 f6 70. Be6 Nb7 71. e5 fxe5+ {The position is equal.} 72. Kxe5 Nc5 73. Bh3 Ba5 74. Kf4 Nd3+ 75. Ke3 Nc5 76. Kf3 Nd3 77. Bf1 Ne5+ 78. Ke4 Nf7 79. Bd3 Be1 80. Kf3 Ne5+ 81. Ke4 {Accuracy: White = 40%, Black = 37%.} 1/2-1/2